Best face forward : why companies must improve their service interfaces with customers

Bibliographic Details
Main Author: Rayport, Jeffrey F
Other Authors: Jaworski, Bernard J
Format: Book
Published: Boston : Harvard Business School Press , 2005
Subjects:

MARC

LEADER 00000cam a2200000 7i4500
001 0000027759
005 20091020.0
008 091020
020 |a 0875848672 
090 0 0 |a 658.812   |b RAY 
100 1 |a Rayport, Jeffrey F 
245 1 0 |a Best face forward :   |b why companies must improve their service interfaces with customers   |c Jeffrey F. Rayport & Bernard J. Jaworski 
260 |a Boston :   |b Harvard Business School Press ,   |c 2005 
650 0 |a Competition 
650 0 |a Customer services   |x Management 
650 0 |a Service industries   |x Technological innovations   |x Management 
700 1 |a Jaworski, Bernard J 
999 |a 0001061999   |b Book   |c REFERENCE   |e Cawangan Taman Sri Lambak